000 00852nam a2200241Ia 4500
003 OSt
005 20220926021836.0
006 a|||||r|||| 00| 0
007 ta
008 220923b |||||||| |||| 00| 0 eng d
037 _cGeneral Book
040 _aRTL
_cRTL
_beng
041 _2eng
_aeng
082 _aV1N45,933:8.N7, L3,1A /UN
110 _aUNITED NATIONS, GENERAL ASSEMBLY, OFFICIAL RECORDS: 28th SESSION
_9326110
245 0 _aIntroduction to the report of the secretary general on the work of the organization, August 1973
260 _aNew York
_bUnited Nations
_c1973
300 _a8p
_ccm.
500 _aSupp. no. 1A (A/9001/Add. 1)
700 _aUNITED NATIONS, GENERAL ASSEMBLY, OFFICIAL RECORDS: 28th SESSION
_9326111
942 _hV1N45,933:8.N7, L3,1A /UN
_cGB
_2CC
999 _c637796
_d637796